000 00614nam a2200217 4500
001 46164
003 rucl
005 20211209054121.0
008 160801s2017 xxu||||| |||| 00| 0 eng d
020 _a9789849171430
035 _a46282
040 _aeng
_beng
041 _aeng
082 _223
_a519.55
_bIMI 2017
100 _aImon , A.H.M. Rahmatullah,
_9141079
245 1 0 _aIntroduction to Regression Time Series And Forecasting /
_cA.H.M. Rahmatullah Imon.
260 _aDhaka
_bNandita Prokash
_c2017
300 _a[9], 215p. :
_bill.
_c21cm.
650 _aTime-series analysis.
_9131067
942 _2ddc
_cBK
999 _c46164
_d46164